[Event "27th CRO-chT 1A-Men 2018"]
[Site "Biograd"]
[Date "2018.09.12"]
[Round "5.9"]
[White "Galic, Ivan"]
[Black "Markus, Robert"]
[Result "0-1"]
[WhiteElo "2416"]
[BlackElo "2613"]
[Annotator "TA"]
[PlyCount "62"]
[EventDate "2018.09.08"]
[EventType "team-tourn"]
[EventCountry "CRO"]
[SourceTitle "playchess.com"]
[Source "ChessBase"]
[SourceQuality "1"]

{[%evp 9,62,43,50,38,35,35,54,37,37,29,34,42,35,30,32,29,27,22,26,19,33,0,12,25,33,12,44,5,5,5,6,-111,-93,-96,-102,-100,-90,-183,-184,-352,-339,-324,-328,-691,-677,-696,-396,-404,-376,-520,-526,-622,-599,-705,-700]} 1. d4 Nf6 2. c4 d6 3. Nc3 Nbd7 4. e4 e5 5. Nge2 c6 6. f3 {A53: Old Indian Defence without Nf3} a6 7. d5 $146 ({Predecessor:} 7. Be3 Be7 8. d5 cxd5 9. cxd5 Nh5 10. Qd2 g6 11. O-O-O b5 12. Ng3 Ndf6 13. Kb1 Bd7 {1-0 (60) Bartel,M (2611)-Nikolaidis,I (2545) Eretria 2011}) 7... Qb6 8. Rb1 {White is slightly better.} cxd5 9. Nxd5 Nxd5 10. Qxd5 Be7 11. Nc3 O-O 12. Qd1 Nf6 13. Bd3 Be6 14. Qe2 Rfc8 15. Bd2 Nd7 16. b3 Nc5 17. Bc2 h6 18. h4 Qd8 19. g3 b5 20. cxb5 (20. Nd5 $11 {remains equal.}) 20... axb5 $17 21. Qxb5 d5 22. exd5 Bxd5 {[%cal Be6d5,Bd5b7,Bb7a6][%mdl 32]} 23. Qe2 (23. Nxd5 $17 {is a better defense.} Qxd5 24. Be4) 23... Bb7 $19 24. a4 $2 {[#]} (24. Rc1) 24... Ba6 $1 {[%cal Ra6e2]} 25. Nb5 {[#]} Nxa4 $1 {[%mdl 512]} 26. Be4 $2 (26. Bh7+ Kxh7 27. bxa4) (26. bxa4 Rxc2) 26... Nc5 27. Bxa8 Rxa8 28. O-O Rb8 {[%cal Ba8b8,Bb8b5,Bb5d5][%mdl 32]} ({Much less strong is} 28... Bxb5 29. Qxb5 Qxd2 30. Rf2 $19) 29. Qxe5 Rxb5 {Black is clearly winning.} 30. Bc3 {[%csl Gc3][%cal Re5g7]} Ne6 31. Qe1 Rd5 {Precision: White = 36%, Black = 83%.} 0-1

[Event "27th CRO-chT 1A-Men 2018"]
[Site "Biograd"]
[Date "2018.09.12"]
[Round "5.10"]
[White "Kuljasevic, Davorin"]
[Black "Bender, Ivan"]
[Result "1-0"]
[WhiteElo "2548"]
[BlackElo "2261"]
[Annotator "TA"]
[PlyCount "79"]
[EventDate "2018.09.08"]
[EventType "team-tourn"]
[EventCountry "CRO"]
[SourceTitle "playchess.com"]
[Source "ChessBase"]
[SourceQuality "1"]

{[%evp 18,79,21,26,91,91,91,91,91,89,87,87,81,82,91,84,90,89,99,93,99,104,110,112,111,108,107,100,117,107,108,101,134,134,146,121,199,162,222,176,177,175,235,172,235,208,247,245,368,271,1423,1416,1408,1394,888,767,593,406,965,883,994,937,917,714]} 1. d4 d5 2. c4 e6 3. Nc3 Nf6 4. Nf3 Be7 5. Bf4 O-O 6. e3 c5 7. dxc5 Bxc5 8. cxd5 Nxd5 9. Nxd5 exd5 10. Bd3 Nc6 {[#] D37: Queen's Gambit Declined: 5 Bf4} (10... Bb4+ $11 11. Ke2 Bd6) (10... Bb4+ 11. Nd2 Nc6 12. O-O Be7 13. a3 g6 14. Rc1 Bf6 15. b4 Qe7 16. Nf3 Rd8 17. h3 Ne5 18. Nxe5 Bxe5 {½-½ (39) Caruana,F (2822)-Anand,V (2768) Saint Louis 2018}) 11. Bxh7+ $1 $16 {[%mdl 512]} Kxh7 12. Qc2+ Kg8 {White must now prevent ...Qa5+.White is better.} 13. Qxc5 Bg4 14. Ne5 Nxe5 15. Bxe5 Qg5 $146 ({Predecessor:} 15... Qb6 16. Qxb6 axb6 17. a3 Rfc8 18. Bc3 {1-0 (32) Svetushkin,D (2553)-Libiszewski,F (2451) Cappelle-la-Grande 2004}) 16. Qd4 ({Reject} 16. Qxd5 $6 Rad8 $11) 16... Rfe8 17. Bf4 Qh5 18. f3 Be6 19. O-O Rec8 20. Rac1 Rc4 21. Rxc4 dxc4 22. Rd1 Qa5 23. a3 Rc8 24. Bg3 b6 25. Be1 Qg5 26. Bc3 Kh7 (26... f6 $16 27. e4 Kf7) 27. h4 Qh6 (27... Qg3 $142 28. Qe4+ Qg6) 28. Qe4+ Kg8 29. Rd6 Kh8 (29... Re8 $142 30. Rc6 Bd7 31. Rxh6 Rxe4) 30. Bd4 Rg8 (30... Kg8 {was worth a try.} 31. h5 Re8) 31. Kf2 Qh5 32. Bc3 $40 {[%mdl 128] Black is in trouble.} Bf5 (32... Qh7 {was necessary.} 33. Qf4 Qc2+ 34. Rd2 Qh7) 33. Qxc4 Qh7 $2 (33... Be6 34. Qe4 Qh7) 34. Qxf7 $18 Qxh4+ 35. Kg1 Bh7 36. Qxa7 b5 37. Qd4 Qg5 (37... Qxd4 $142 38. Bxd4 Bc2 39. Rh6+ Bh7) 38. Rd5 {White is clearly winning.} Qe7 39. Rxb5 Rd8 {[#]} 40. Rb7 $1 {[%mdl 512] Precision: White = 88%, Black = 17%.} 1-0

[Event "27th CRO-chT 1A-Men 2018"]
[Site "Biograd"]
[Date "2018.09.12"]
[Round "5.11"]
[White "Brnas, Augustin"]
[Black "Plenca, Jadranko"]
[Result "0-1"]
[WhiteElo "2190"]
[BlackElo "2477"]
[Annotator "TA"]
[PlyCount "56"]
[EventDate "2018.09.08"]
[EventType "team-tourn"]
[EventCountry "CRO"]
[SourceTitle "playchess.com"]
[Source "ChessBase"]
[SourceQuality "1"]

{[%evp 20,56,31,0,26,-83,-75,-77,-67,-83,-63,-73,-66,-83,-75,-207,-207,-190,-150,-194,-187,-343,-326,-323,-297,-328,-298,-446,-264,-272,-280,-440,-283,-281,-216,-202,-216,-29993,-29994]} 1. e4 {Mikhalchishin,A} e5 2. Nf3 Nc6 3. Bb5 {[%cal Bf1b5,Bb5a4,Ba4b3][%mdl 32]} a6 4. Ba4 Nf6 5. O-O b5 6. Bb3 Bb7 7. c3 Nxe4 8. d4 exd4 9. Re1 {C78: Ruy Lopez: Archangelsk and Möller Defences} d5 10. Ng5 Qf6 11. f3 {LiveBook: 3 Games. White is slightly better.} h6 12. fxe4 $146 (12. Nxf7 $11 {remains equal.} Qxf7 13. fxe4) ({Predecessor:} 12. Nh3 O-O-O 13. fxe4 dxe4 14. Rf1 Qe5 15. Bxf7 Bc5 16. Kh1 e3 17. Nf4 d3 18. Qe1 e2 19. Rf3 Ne7 20. Nd2 g5 21. Ne6 g4 22. Nxd8 gxf3 23. Nxf3 Bxf3 {0-1 (23) Palac,M (2580)-Bartel,M (2653) Porto Carras 2011 CBM 146 [Mikhalchishin,A]}) 12... hxg5 $17 13. exd5+ Ne7 {[%cal Bc6e7,Be7d5,Bd5f4][%mdl 32]} 14. Qg4 $1 Qd6 15. h3 f6 ({Don't play} 15... Bxd5 $6 16. Bxg5 c5 17. Bf4 $16 (17. cxd4 Bxb3 18. dxc5 Qxc5+ 19. Be3 Be6 $11)) 16. cxd4 Qd7 17. Qe4 (17. Qxd7+ $17 Kxd7 18. Nc3) 17... O-O-O $19 {[%cal Re7d5]} 18. Nc3 Nxd5 19. Qe2 Kb8 20. a4 $2 {[#]} (20. Bxd5 {was worth a try.} Bxd5 21. Nxd5 Qxd5 22. a3) 20... Nf4 21. Bxf4 gxf4 22. d5 Bc5+ 23. Kh2 (23. Kf1 $142) 23... Bd6 (23... Rde8 $142 24. Qf3 b4 25. Rxe8+ Rxe8) 24. Kg1 Rde8 25. Qd3 (25. Qf2 $142) 25... Rxe1+ 26. Rxe1 Re8 27. Rxe8+ Qxe8 28. axb5 $2 {[#]} (28. Kf1 $19) 28... Qe1+ {Precision: White = 25%, Black = 77%.} 0-1

[Event "27th CRO-chT 1A-Men 2018"]
[Site "Biograd"]
[Date "2018.09.12"]
[Round "5.12"]
[White "Kovacevic, Blazimir"]
[Black "Separovic, Tomislav"]
[Result "1-0"]
[WhiteElo "2494"]
[BlackElo "2153"]
[Annotator "TA"]
[PlyCount "69"]
[EventDate "2018.09.08"]
[EventType "team-tourn"]
[EventCountry "CRO"]
[SourceTitle "playchess.com"]
[Source "ChessBase"]
[SourceQuality "1"]

{[%evp 13,69,10,0,-14,-13,-19,-13,-6,-5,-56,-22,-27,-20,-45,-42,-87,39,42,53,43,52,53,91,89,111,73,105,111,118,113,125,93,104,79,77,63,125,73,67,78,125,122,189,195,210,197,561,539,506,524,520,516,509,506,817,833,799,792]} 1. Nf3 d5 2. g3 c6 3. Bg2 Nf6 4. c4 Bf5 5. cxd5 cxd5 6. d3 {A11: English Opening: 1...c6} Nc6 7. O-O e5 {LiveBook: 3 Games} (7... e6 8. Be3 Be7 9. Qb3 Qd7 10. Nd4 Nxd4 11. Bxd4 O-O 12. Nc3 Bg6 13. Rfd1 Bd6 14. Nb5 Bb8 15. Bxf6 gxf6 {½-½ (35) Aronian,L (2785)-Carlsen,M (2840) Doha 2016}) 8. Bg5 {The position is equal.} Be7 9. Nc3 d4 10. Bxf6 $146 ({Predecessor:} 10. Na4 Be6 11. Bxf6 gxf6 12. Rc1 O-O 13. Nc5 Bxc5 14. Rxc5 Qb6 {1-0 (42) Adly,A (2607)-Ram,S (2269) Chennai 2012}) 10... Bxf6 11. Na4 (11. Ne4 $11) 11... O-O 12. Rc1 Rc8 13. Nd2 Be7 14. a3 Be6 (14... Nb8 $17 {And now ...b5 would win.} 15. b4 b6) 15. Nc5 $14 Bxc5 16. Rxc5 f6 17. Qa4 Qb6 18. b4 a6 19. Rfc1 {[%cal Rg2c6]} Ne7 20. Rxc8 Nxc8 21. Ne4 Na7 {[%cal Bc8a7,Ba7b5,Bb5c3][%mdl 32]} 22. Nc5 Nb5 23. Bxb7 Nc3 24. Qc2 Bg4 (24... Rb8 $14) 25. Re1 (25. f3 $142 Bc8 26. Bxc8 Rxc8 {[#]} 27. e3 $1 {[%mdl 512]}) 25... a5 $16 26. e3 Rb8 27. exd4 exd4 (27... axb4 $16 {was necessary.} 28. Qb3+ Kh8) 28. Qb3+ $18 Kh8 29. Re7 {[#] White threatens Qf7 and mate.} h6 $2 (29... Bh5 {is tougher.} 30. Kg2 axb4) 30. Qf7 {[%csl Ge7][%cal Rf7g7] White is clearly winning.} Rg8 31. Ne6 Bxe6 32. Rxe6 ({Less strong is} 32. Qxe6 Qxe6 33. Rxe6 Rb8 $16) 32... Qb5 33. Ba6 Qa4 (33... Qb8 $142 34. Bc4 Rf8) 34. Bc4 {Threatening mate with Re7.} axb4 35. Re7 {Precision: White = 56%, Black = 45%.} 1-0

[Event "27th CRO-chT 1A-Men 2018"]
[Site "Biograd"]
[Date "2018.09.12"]
[Round "5.13"]
[White "Inarkiev, Ernesto"]
[Black "Hracek, Zbynek"]
[Result "1-0"]
[WhiteElo "2679"]
[BlackElo "2557"]
[Annotator "TA"]
[PlyCount "103"]
[EventDate "2018.09.08"]
[EventType "team-tourn"]
[EventCountry "CRO"]
[SourceTitle "playchess.com"]
[Source "ChessBase"]
[SourceQuality "1"]

{[%evp 11,103,8,17,6,20,8,16,27,9,9,6,6,14,14,6,14,26,19,16,20,16,16,14,16,16,18,31,24,44,44,41,45,53,53,47,48,64,36,43,37,36,34,34,36,39,35,51,42,42,17,63,16,80,47,44,42,67,47,82,84,149,117,196,209,204,204,199,209,217,204,291,286,287,267,285,254,268,159,270,283,259,264,315,319,289,300,289,282,833,800,1000,925,991,960]} 1. d4 Nf6 2. Nf3 d5 3. Bf4 e6 4. e3 Bd6 5. Nbd2 O-O 6. Bd3 {D02: 1 d4 d5 2 Nf3 sidelines, including 2...Nf6 3 g3 and 2...Nf6 3 Bf4} c5 {LiveBook: 10 Games} 7. dxc5 Bxc5 8. c4 {The position is equal.} Nc6 9. O-O Bd6 $146 ({Predecessor:} 9... Be7 10. Rc1 h6 11. h3 Nb4 12. Bb1 dxc4 13. Nxc4 Bd7 14. Nd4 Nbd5 15. Bg3 Rc8 16. Qe2 Bc5 {1-0 (33) Kramnik,V (2777)-Belov,V (2614) Berlin 2015}) 10. Rc1 e5 11. Bg5 $1 {Strongly threatening cxd5.} e4 12. Bxf6 Qxf6 {[#]} 13. Bxe4 $1 {[%mdl 512]} dxe4 14. Nxe4 {[#]} Bxh2+ $1 {[%mdl 512]} 15. Kxh2 (15. Nxh2 Qxb2) 15... Qxb2 16. Qb3 Qxb3 17. axb3 Rd8 18. Rfd1 Bg4 19. Kg3 Bxf3 20. Kxf3 Kf8 21. Rd5 Ne7 22. Rh5 h6 23. g4 b6 24. Ke2 Rac8 25. g5 hxg5 26. Rh8+ Ng8 27. Nxg5 Ke7 28. Rh7 Kf8 29. Rh4 Nf6 30. Rd4 Rd7 31. Rcd1 (31. Nh7+ $5 Ke7 32. Nxf6 Rxd4 33. exd4 Kxf6 34. b4 $16) 31... Rcd8 (31... Rdc7 $11) 32. Nf3 Rxd4 33. exd4 $14 {[%mdl 4096] Endgame KRN-KRN} Re8+ 34. Kd3 Ne4 35. Rf1 f5 ({Better is} 35... f6) 36. b4 a5 (36... Ke7 $16) 37. bxa5 $18 bxa5 38. Nh4 $1 a4 39. Nxf5 a3 40. Ng3 $1 {[%cal Rg3e4]} Nf6 (40... Ng5 $142 41. Ne2 Ra8) 41. Ra1 Ra8 42. Ra2 Kf7 43. d5 Nd7 44. Kd4 ({White must play} 44. Ne4 $18) 44... Ra4 (44... g5 $16 45. Ne4 Kg6) 45. Ne4 Nb6 46. Nd6+ Ke7 {[#]} 47. Kc5 $1 {Hoping for Nf5+.} ({Weaker is} 47. Nf5+ Kd7 $11) 47... Nd7+ 48. Kb5 Ra8 49. c5 {[%cal Bc4c5,Bc5c6][%mdl 32]} Rb8+ $2 {[#]} (49... Nf6 50. Nf5+ Kd8) 50. Kc6 $1 {White is clearly winning.} Ne5+ 51. Kc7 Ra8 52. c6 {Precision: White = 77%, Black = 47%.} 1-0

[Event "27th CRO-chT 1A-Men 2018"]
[Site "Biograd"]
[Date "2018.09.12"]
[Round "5.14"]
[White "Leventic, Ivan"]
[Black "Romanov, Evgeny"]
[Result "0-1"]
[WhiteElo "2411"]
[BlackElo "2611"]
[Annotator "TA"]
[PlyCount "80"]
[EventDate "2018.09.08"]
[EventType "team-tourn"]
[EventCountry "CRO"]
[SourceTitle "playchess.com"]
[Source "ChessBase"]
[SourceQuality "1"]

{[%evp 9,80,17,45,29,23,31,25,25,37,23,20,0,0,12,9,0,0,0,-10,0,6,0,0,0,6,18,12,19,39,-7,0,-11,-6,-19,20,-252,-241,-230,-227,-186,-177,-379,-362,-370,-358,-485,-479,-472,-469,-485,-452,-414,-416,-614,-607,-656,-645,-637,-629,-936,-918,-803,-700,-701,-679,-670,-661,-1129,-1104,-1636,-1432,-29985,-29986]} 1. e4 e5 2. Nf3 Nc6 3. Bb5 a6 4. Ba4 b5 5. Bb3 g6 6. Nc3 {C70: Ruy Lopez: 3...a6 4 Ba4, Norwegian and Delayed Schliemann} (6. d4 exd4 7. Nxd4 Na5 8. O-O Bg7 9. Re1 Ne7 10. e5 O-O 11. Bg5 c5 12. Bd5 Rb8 13. Nb3 Nxb3 14. axb3 {0-1 (31) Kramnik,V (2792)-Mamedyarov,S (2808) Paris 2018}) 6... Bg7 7. a4 b4 $146 ({Predecessor:} 7... Rb8 8. axb5 axb5 9. Qe2 Nf6 10. Nxb5 O-O 11. c4 d6 12. d3 Bg4 13. h3 Rxb5 14. cxb5 {1-0 (62) Hovhannisyan,R (2636)-Antipov,M (2573) Moscow 2016}) 8. Nd5 {White has an edge.} Na5 9. Ba2 Rb8 10. O-O c6 11. Ne3 Ne7 12. c3 b3 13. Bb1 d5 14. d4 dxe4 15. Nxe5 f5 16. N3c4 Nxc4 17. Nxc4 {White wants to play Bf4.} Be6 18. Qe2 $1 {And now Bf4 would win.} Qd5 19. Bf4 {[#] Threatens to win with Nd6+.} Qxc4 20. Qxc4 Bxc4 21. Bxb8 Kd7 22. Be5 $2 {[%mdl 8192]} (22. Bg3 $11) 22... Bxe5 $19 23. dxe5 Bxf1 24. Kxf1 {[%mdl 4096] Endgame KRB-KRN} c5 {[%cal Bc6c5,Bc5c4][%mdl 32]} 25. a5 $2 (25. f3) 25... Nc6 26. f4 Ke6 27. Ra4 Kd5 28. Ke2 c4 29. Ke3 Rd8 30. Ra1 Kc5 31. Bxe4 (31. Ke2 $142 g5 32. fxg5 Nxe5 33. h3) 31... fxe4 {KRN-KR} 32. g4 Rd3+ 33. Kxe4 Rd2 34. Re1 Rxb2 35. f5 gxf5+ 36. gxf5 Rf2 37. f6 b2 {[#] White must now prevent ...Re2+!} 38. Rd1 {[%csl Ge4][%cal Rd1d5]} Re2+ 39. Kf4 Nxe5 40. f7 Nxf7 {Precision: White = 23%, Black = 91%.} 0-1

[Event "27th CRO-chT 1A-Men 2018"]
[Site "Biograd"]
[Date "2018.09.12"]
[Round "5.15"]
[White "Lalic, Bogdan"]
[Black "Zivkovic, Vjekoslav"]
[Result "1/2-1/2"]
[WhiteElo "2403"]
[BlackElo "2358"]
[Annotator "NA"]
[PlyCount "21"]
[EventDate "2018.09.08"]
[EventType "team-tourn"]
[EventCountry "CRO"]
[SourceTitle "playchess.com"]
[Source "ChessBase"]
[SourceQuality "1"]
[TimeControl "40/5400+30:1800+30"]

1. d4 {[%emt 0:01:30]} d5 {[%emt 0:00:30]} 2. c4 {[%emt 0:00:30]} dxc4 {[%emt 0:00:00]} 3. e3 {[%emt 0:00:30]} Nf6 {[%emt 0:01:00]} 4. Bxc4 {[%emt 0:00:30]} e6 {[%emt 0:00:30]} 5. Nf3 {[%emt 0:00:00]} c5 {[%emt 0:01:30]} 6. O-O {[%emt 0:00:00]} a6 {[%emt 0:00:00]} 7. Bd3 {[%emt 0:00:30]} Nc6 {[%emt 0:06:00]} 8. Nc3 {[%emt 0:00:30]} Be7 {[%emt 0:13:30]} 9. dxc5 {[%emt 0:00:30]} Bxc5 {[%emt 0:00:00]} 10. a3 {[%emt 0:00:30]} O-O {[%emt 0:14:00]} 11. Qe2 {[%emt 0:03:30]} 1/2-1/2

[Event "27th CRO-chT 1A-Men 2018"]
[Site "Biograd"]
[Date "2018.09.12"]
[Round "5.16"]
[White "Mrkonjic, Nenad"]
[Black "Plenkovic, Zdenko"]
[Result "1/2-1/2"]
[WhiteElo "2352"]
[BlackElo "2418"]
[Annotator "TA"]
[PlyCount "41"]
[EventDate "2018.09.08"]
[EventType "team-tourn"]
[EventCountry "CRO"]
[SourceTitle "playchess.com"]
[Source "ChessBase"]
[SourceQuality "1"]

{[%evp 18,19,18,13]} 1. Nf3 {Sagar Shah/CB Website} g6 2. c4 Bg7 3. Nc3 Nf6 4. g3 O-O 5. Bg2 d5 6. cxd5 Nxd5 7. d4 Nb6 8. O-O Re8 9. e3 Nc6 10. b3 {LiveBook: 127 Games. D76: Fianchetto Grünfeld: Main Line with 7...Nb6} {Predecessor:} e5 $146 11. Nxe5 Nxe5 12. dxe5 Bxe5 13. Bb2 Qe7 14. Qc2 c6 15. Rad1 Bg4 16. f3 Be6 17. f4 Bg7 18. e4 Rad8 19. e5 Bg4 20. Bf3 Rxd1 21. Qxd1 {0-1 (59) Giri,A (2784)-Vachier Lagrave,M (2773) London 2015 CBM 170 [Sagar Shah/CB Website]} 1/2-1/2

[Event "27th CRO-chT 1A-Men 2018"]
[Site "Biograd"]
[Date "2018.09.12"]
[Round "5.17"]
[White "Loncar, Robert"]
[Black "Feletar, Darko"]
[Result "1-0"]
[WhiteElo "2409"]
[BlackElo "2364"]
[Annotator "ChessBase"]
[PlyCount "71"]
[EventDate "2018.09.08"]
[EventType "team-tourn"]
[EventCountry "CRO"]
[SourceTitle "playchess.com"]
[Source "ChessBase"]
[SourceQuality "1"]
[TimeControl "40/5400+30:1800+30"]

1. Nf3 {[%emt 0:09:30]} c5 {[%emt 0:01:30]} 2. g3 {[%emt 0:00:30]} g6 {[%emt 0:02:30]} 3. d4 {[%emt 0:02:30]} cxd4 {[%emt 0:00:30]} 4. Qxd4 {[%emt 0:00:30]} Nf6 {[%emt 0:00:30]} 5. Bg2 {[%emt 0:00:30]} Bg7 {[%emt 0:02:30]} 6. O-O {[%emt 0:01:30]} Nc6 {[%emt 0:04:30]} 7. Qh4 {[%emt 0:00:00]} h6 {[%emt 0:04:30]} 8. Rd1 {[%emt 0:08:00]} d6 {[%emt 0:03:30]} 9. Qa4 {[%emt 0:05:30]} Bd7 {[%emt 0:00:30]} 10. Qb3 {[%emt 0:03:30]} Rb8 {[%emt 0:19:30]} 11. c3 {[%emt 0:05:30]} Be6 {[%emt 0:04:30]} 12. Qa4 {[%emt 0:02:30]} b5 {[%emt 0:01:30]} 13. Qf4 {[%emt 0:00:30]} g5 {[%emt 0:04:30]} 14. Qd2 {[%emt 0:13:30]} Bd7 {[%emt 0:04:30]} 15. h4 {[%emt 0:01:30]} Qb6 {[%emt 0:06:30]} 16. hxg5 {[%emt 0:03:30]} Ng4 {[%emt 0:04:30]} 17. Qe1 {[%emt 0:00:30]} hxg5 {[%emt 0:05:30]} 18. Bxg5 {[%emt 0:01:30]} b4 {[%emt 0:00:30]} 19. Nbd2 {[%emt 0:06:30]} bxc3 {[%emt 0:01:30]} 20. bxc3 {[%emt 0:00:30]} Bxc3 {[%emt 0:01:30]} 21. Rac1 {[%emt 0:01:30]} Qa5 {[%emt 0:01:30]} 22. Qf1 {[%emt 0:06:30]} Nce5 {[%emt 0:06:08]} 23. Bh4 {[%emt 0:04:30]} Bxd2 {[%emt 0:10:01]} 24. Nxd2 {[%emt 0:00:30]} Ba4 {[%emt 0:02:07]} 25. Nb3 {[%emt 0:01:48]} Bxb3 {[%emt 0:01:19]} 26. axb3 {[%emt 0:00:12]} Ng6 {[%emt 0:00:37]} 27. Rd5 {[%emt 0:02:29]} Qb6 {[%emt 0:00:09]} 28. Bg5 {[%emt 0:00:30]} Qxb3 {[%emt 0:02:06]} 29. Qe1 {[%emt 0:05:54]} Qb6 {[%emt 0:00:56]} 30. Rdd1 {[%emt 0:01:47]} Rd8 {[%emt 0:01:24]} 31. Rb1 {[%emt 0:00:41]} Qc5 {[%emt 0:00:50]} 32. Rd5 {[%emt 0:00:05]} Qc2 {[%emt 0:00:55]} 33. Rb7 {[%emt 0:01:12]} Rh2 {[%emt 0:01:06]} 34. Bf3 {[%emt 0:01:01]} N6e5 {[%emt 0:02:11]} 35. Rxe7+ {[%emt 0:00:18]} Kf8 {[%emt 0:00:03]} 36. Rexe5 {[%emt 0:00:15]} 1-0

[Event "27th CRO-chT 1A-Men 2018"]
[Site "Biograd"]
[Date "2018.09.12"]
[Round "5.18"]
[White "Jukic, Branimir"]
[Black "Sale, Srdjan"]
[Result "0-1"]
[WhiteElo "2377"]
[BlackElo "2428"]
[Annotator "TA"]
[PlyCount "60"]
[EventDate "2018.09.08"]
[EventType "team-tourn"]
[EventCountry "CRO"]
[SourceTitle "playchess.com"]
[Source "ChessBase"]
[SourceQuality "1"]

{[%evp 22,60,19,0,30,21,38,35,29,0,0,0,8,7,32,27,30,25,31,0,0,0,-10,-60,-22,-76,-66,-83,-36,-112,-103,-235,-239,-303,-321,-263,-250,-949,-937,-941,-941]} 1. e4 c5 2. Nf3 Nc6 3. d4 cxd4 4. Nxd4 Qb6 5. Nb3 Nf6 6. Nc3 e6 {[%cal Be7e6,Be6e5][%mdl 32]} 7. Be3 Qc7 8. f4 Bb4 9. Bd3 Bxc3+ {B33: Sicilian: Pelikan and Sveshnikov Variations} 10. bxc3 e5 11. O-O d6 12. f5 {LiveBook: 6 Games} h6 (12... Nb8 13. Qf3 Nbd7 14. Qg3 b6 15. a4 Bb7 16. a5 Rg8 17. axb6 axb6 18. Rxa8+ Bxa8 {½-½ (46) Kravtsiv,M (2653)-Fedorov,A (2598) Lvov 2017}) 13. Qf3 b6 {[#]} 14. a4 $146 ({Predecessor:} 14. Qg3 Kf8 15. Bc1 Nb8 16. a4 Nbd7 17. a5 {0-1 (63) Rogers,I (2540)-Avshalumov,A (2420) Belgrade 1988}) 14... Bb7 15. Bf2 Nb8 16. a5 Nbd7 17. c4 O-O 18. g4 Rac8 19. axb6 axb6 20. h4 b5 21. cxb5 {[#] Hoping for g5.} d5 22. b6 Qc3 {[%cal Rd5e4]} 23. exd5 (23. Be2 $11) 23... Bxd5 $17 24. Qg3 $1 h5 {[%cal Bh6h5,Bh5g4][%mdl 32]} 25. Ra7 ({White should play} 25. g5 $15 Ne4 26. Bxe4 Qxg3+ 27. Bxg3 Bxe4 28. Nd2) 25... hxg4 26. b7 {[#]} (26. Rb1 $17) 26... Rb8 $1 $19 27. Be1 Qc7 ({Not} 27... Qc6 28. Na5 $17) 28. Ba5 Qc6 29. Bb4 $2 (29. Be1) 29... Qb6+ 30. Qf2 Qxb4 {Precision: White = 26%, Black = 66%.} 0-1

[Event "27th CRO-chT 1A-Men 2018"]
[Site "Biograd"]
[Date "2018.09.12"]
[Round "5.19"]
[White "Malakhov, Vladimir"]
[Black "Bosiocic, Marin"]
[Result "0-1"]
[WhiteElo "2666"]
[BlackElo "2600"]
[Annotator "TA"]
[PlyCount "104"]
[EventDate "2018.09.08"]
[EventType "team-tourn"]
[EventCountry "CRO"]
[SourceTitle "playchess.com"]
[Source "ChessBase"]
[SourceQuality "1"]

{[%evp 19,104,59,71,42,43,41,39,35,41,25,43,43,48,56,54,61,100,65,54,41,62,58,54,39,52,54,61,65,47,63,58,51,48,47,61,62,52,0,0,0,0,0,0,0,0,0,0,0,0,0,0,0,0,0,0,0,0,0,0,0,0,0,0,0,0,0,0,0,0,0,0,0,0,0,0,-2148,-1996,-12837,-3402,-12837,-12838,-12839,-12839,-12839,-12839,-12840,-12840]} 1. e4 c5 2. Nf3 d6 3. Bb5+ Nd7 4. d4 Ngf6 5. Nc3 cxd4 6. Qxd4 a6 7. Bxd7+ Bxd7 8. Bg5 h6 9. Bxf6 gxf6 10. O-O {B51: Sicilian: Moscow Variation (3 Bb5+) without 3...Bd7} e6 {LiveBook: 16 Games} 11. Ne2 $146 ({Predecessor:} 11. Nd2 Rc8 12. Nc4 Rc6 13. a4 Qc7 14. Qxf6 Rg8 15. Ne3 Bg7 16. Qh4 Qd8 17. Qxd8+ Kxd8 {½-½ (47) Wei,Y (2734)-Salem,A (2610) Baku 2015}) 11... Be7 12. a4 {White is slightly better.} h5 13. c4 Qa5 14. Qd3 h4 15. h3 Rc8 16. b3 Rc5 17. Ned4 Rg8 18. Kh1 Qc7 19. Rfe1 Qc8 20. Nh2 Rcg5 21. Ng4 e5 $1 22. Nf5 $1 ({Of course not} 22. Nf3 R5g7 $15) 22... Rxf5 $1 23. exf5 Bxf5 24. Qf3 Bxg4 25. hxg4 Rxg4 26. Re4 f5 27. Rxg4 fxg4 $14 {[%mdl 4096] Endgame KQR-KQB} 28. Qe4 ({White should play} 28. Qd3 $14) 28... f5 $11 29. Qd5 Qc5 30. Qxc5 ({Much weaker is} 30. Qxb7 Qxf2 31. Qxa6 e4 $17) 30... dxc5 {KR-KB} 31. f3 Kf7 32. Rd1 Ke6 33. Rd5 a5 34. Kg1 b6 35. Kf2 Bf6 36. Ke2 Bg5 37. Kf2 $1 Bf4 38. Rd8 Bg3+ 39. Kf1 gxf3 40. gxf3 e4 41. fxe4 fxe4 42. Rh8 $1 Ke5 {...Kd4 is the strong threat.} 43. Ke2 Kd4 {Hoping for ...Kc3.} 44. Kd2 e3+ 45. Ke2 Kc3 46. Rh6 Kxb3 47. Kd3 $2 {[%mdl 8192] [#]} (47. Kxe3 $11 Kxc4 48. Rxb6) 47... Kxa4 $19 {Black is clearly winning.} 48. Kxe3 Kb3 (48... Be1 $142 49. Ke2 Bb4 50. Rxh4 Kb3) 49. Kd3 Be1 50. Rxb6+ Bb4 51. Rf6 a4 52. Rf1 {[#]} Bc3 $1 {Precision: White = 75%, Black = 77%.} 0-1